Ich reise von Portugal nach Dänemark; nenne die Länder und Orte. - Statistiken

Allgemein
  • Dieses Quiz wurde 136 mal gespielt
  • Das Durchschnittsergebnis liegt bei 7 aus 29
Answers on the Grid
Answers color-coded by a green-red scale on the quiz's grid according to % correct below.
Türkei
Berlin
Öresundbrücke
Niederlande
Donau
Skandinavien
Esbjerg
Seine
Amsterdam
Paris
Deutschland
Seeland
Kopenhagen
Reykjavík
Stockholm
Lettland
Porto
Frankfurt am Main
Schweiz
Luxemburg
Ruhrgebiet
Belgien
Andorra
Andorra la Vella
Lissabon
Spanien
Disneyland
Dänemark
Matterhorn
Mont Blanc
Großglockner
Legoland
Rhein
Bayern
Frankreich
Arc de Triomphe
Barcelona
Rotterdam
Keukenhof
Maas
Rhône
Polen
München
Madrid
Eifelturm
Tschechische Republik
 
Antwortstatistiken
Antwort % Korrekt
Deutschland
49%
Spanien
42%
Kopenhagen
40%
Paris
37%
Frankreich
36%
Lissabon
36%
Porto
34%
Berlin
33%
Barcelona
28%
Frankfurt am Main
27%
Seine
27%
Skandinavien
26%
Madrid
25%
Ruhrgebiet
23%
Dänemark
22%
Rhein
22%
Eifelturm
21%
Öresundbrücke
20%
Donau
17%
München
15%
Bayern
14%
Arc de Triomphe
13%
Disneyland
13%
Legoland
13%
Rhône
12%
Esbjerg
8%
Mont Blanc
8%
Seeland
6%
Maas
5%
Keine übereinstimmenden Quizze gefunden
Verteilung der Resultate
Anzahl Personen mit jedem Resultat
Perzentil nach korrekt beantworteten Fragen
Ihre Resultats-Entwicklung
Sie haben dieses Quiz noch nicht gespielt